Statistics for Top 20 Rays: All-Time Wins Leaders

Click here to take the quiz!

General Stats

  • This quiz has been taken 4 times
  • The average score is 10 of 21

Answer Stats

WinsPlayer% Correct
87James Shields
100%
55Scott Kazmir
100%
82David Price
100%
54Chris Archer
75%
40Jake Odorizzi
75%
36Blake Snell
75%
34Matt Garza
75%
28Andy Sonnanstine
50%
22Travis Harper
25%
23Ryan Yarbrough
25%
23Ryan Rupe
25%
25Mark Hendrickson
25%
26Esteban Yan
25%
35Victor Zambrano
25%
26Albie Lopez
25%
28Wade Davis
25%
39Matt Moore
25%
40Jeff Niemann
25%
40Jeremy Hellickson
25%
48Alex Cobb
25%
22Erasmo Ramirez
25%

Score Distribution

Percentile by Number Answered

Percent of People with Each Score

Your Score History

You have not taken this quiz